Ekonomický reporting – zrkadlo fungovania spoločnosti

Vymedzenie reportingu. Užívatelia reportingu. Členenie reportingu. Reporting a kontroling. Vzťah medzi kontrolerom a manažérom. Reporting a informačný systém podniku. Informačná spoľahlivosť údajov v ekonomickom reportingu.

Na minha lista:
Detalhes bibliográficos
Autor principal: Sobeková Majková, Monika
Formato: Capítulo de Livro
Idioma:eslovaco
Assuntos:
Tags: Adicionar Tag
Sem tags, seja o primeiro a adicionar uma tag!

MARC

LEADER 00000naa a2200000 4500
001 0163473
005 20231005091734.6
041 0 |a slo 
044 |a SK 
245 1 0 |a Ekonomický reporting – zrkadlo fungovania spoločnosti  |c Monika Sobeková Majková 
520 |a Vymedzenie reportingu. Užívatelia reportingu. Členenie reportingu. Reporting a kontroling. Vzťah medzi kontrolerom a manažérom. Reporting a informačný systém podniku. Informačná spoľahlivosť údajov v ekonomickom reportingu. 
610 2 0 |a reporting 
610 2 0 |a hospodárenie finančné 
610 2 0 |a hospodárenie podnikové 
610 2 0 |a výkazy finančné 
610 2 0 |a kontroling finančný 
610 2 0 |a manažéri 
610 2 0 |a systémy informačné 
100 1 |a Sobeková Majková, Monika